Visualizzazione normale
Vista MARC
- Colozzi Ivo, Donati Pierpaolo (a cura di)
di Personal Name
Records bibliografici associati: 2
001 - CONTROL NUMBER
- control field: 62549
003 - CONTROL NUMBER IDENTIFIER
- control field:
005 - DATE AND TIME OF LATEST TRANSACTION
- control field: 20250829133508.0
008 - FIXED-LENGTH DATA ELEMENTS
- fixed length control field: 250829|| aca||aabn | a|a d
040 ## - CATALOGING SOURCE
- Original cataloging agency:
- Transcribing agency:
100 ## - HEADING--PERSONAL NAME
- Personal name: Colozzi Ivo, Donati Pierpaolo (a cura di)
670 ## - SOURCE DATA FOUND
- Source citation: Work cat.: ()213970: Colozzi Ivo, Donati Pierpaolo (a cura di), Famiglia e cure di comunità., 1995